Normal view
MARC view
- Siraj Maeen
Entry Personal Name
001 - CONTROL NUMBER
- control field: 92754
003 - CONTROL NUMBER IDENTIFIER
- control field: NUST
005 - DATE AND TIME OF LATEST TRANSACTION
- control field: 20220704164801.0
008 - FIXED-LENGTH DATA ELEMENTS
- fixed length control field: 220704|| aca||aabn | a|a d
040 ## - CATALOGING SOURCE
- Original cataloging agency: NUST
- Transcribing agency: NUST
100 ## - HEADING--PERSONAL NAME
- Personal name: Siraj Maeen
670 ## - SOURCE DATA FOUND
- Source citation: Work cat.: (NUST)10617: Muhammad Usman 4544, Smart assets, 2011
